[Event "15. Obert Int. Sant Marti 2013"]
[Site "Barcelona ESP"]
[Date "2013.07.13"]
[Round "1.27"]
[White "Bellia, Fabrizio"]
[Black "Manelidou, Maria"]
[Result "1-0"]
[WhiteElo "2415"]
[BlackElo "2030"]
[PlyCount "45"]
[EventDate "2013.07.13"]
[EventType "swiss"]
[EventRounds "9"]
[EventCountry "ESP"]
[SourceTitle "Ajedrez en Madrid"]
[Source "lmi"]
[SourceDate "2013.07.13"]
[SourceVersion "1"]
[SourceVersionDate "2019.06.21"]
[SourceQuality "1"]

1. d4 d5 2. c4 c6 3. Nc3 Nf6 4. cxd5 cxd5 5. Bf4 Nc6 6. e3 Bg4 7. Qb3 Na5 8.
Qa4+ Bd7 9. Qc2 Rc8 10. Nf3 e6 11. Bd3 a6 12. O-O Be7 13. Qe2 O-O 14. Ne5 b5
15. Rfc1 Nc4 16. a4 Na5 17. Qd1 b4 18. Ne2 Qb6 19. Bg5 Rfd8 20. Nxd7 Rxc1 21.
Nxb6 Rxd1+ 22. Rxd1 Rb8 23. Bxf6 1-0

[Event "15. Obert Int. Sant Marti 2013"]
[Site "Barcelona ESP"]
[Date "2013.07.13"]
[Round "1.28"]
[White "Montell Zabay, Alberto"]
[Black "Gallego Alcaraz, Andres Felipe"]
[Result "0-1"]
[WhiteElo "2026"]
[BlackElo "2414"]
[PlyCount "48"]
[EventDate "2013.07.13"]
[EventType "swiss"]
[EventRounds "9"]
[EventCountry "ESP"]
[SourceTitle "Ajedrez en Madrid"]
[Source "lmi"]
[SourceDate "2013.07.13"]
[SourceVersion "1"]
[SourceVersionDate "2019.06.21"]
[SourceQuality "1"]

1. e4 c5 2. Nf3 Nc6 3. d4 cxd4 4. Nxd4 e5 5. Nb5 d6 6. N1c3 a6 7. Na3 b5 8. Nd5
Nce7 9. Ne3 Nf6 10. c4 Nxe4 11. b4 d5 12. cxb5 Nf5 13. Qb3 Nd4 14. Qb2 Be6 15.
bxa6 Qb6 16. Rb1 Rb8 17. Bd3 Bxb4+ 18. Kf1 O-O 19. Nac2 Nxc2 20. Qxc2 Rfc8 21.
Qb2 Nc3 22. Ra1 e4 23. a3 Ba5 24. Qxb6 Rxb6 0-1

[Event "15. Obert Int. Sant Marti 2013"]
[Site "Barcelona ESP"]
[Date "2013.07.13"]
[Round "1.29"]
[White "Valsecchi, Alessio"]
[Black "Saez Coma, Alejandro"]
[Result "1/2-1/2"]
[WhiteElo "2412"]
[BlackElo "2025"]
[PlyCount "81"]
[EventDate "2013.07.13"]
[EventType "swiss"]
[EventRounds "9"]
[EventCountry "ESP"]
[SourceTitle "Ajedrez en Madrid"]
[Source "lmi"]
[SourceDate "2013.07.13"]
[SourceVersion "1"]
[SourceVersionDate "2019.06.21"]
[SourceQuality "1"]

1. c4 Nf6 2. g3 e5 3. Bg2 Nc6 4. Nc3 Bb4 5. Nf3 Bxc3 6. dxc3 h6 7. O-O O-O 8.
Ne1 d6 9. Nc2 Bd7 10. e4 Qc8 11. Ne3 Bh3 12. Bxh3 Qxh3 13. f3 Qd7 14. b3 Ne7
15. a4 Rad8 16. Ra2 Qe6 17. Rd2 Rd7 18. g4 Rfd8 19. Nf5 Nxf5 20. gxf5 Qe8 21.
Rg2 Kh8 22. Kh1 Nh7 23. Qe1 f6 24. Qh4 c6 25. Rfg1 Qf8 26. Rg6 b6 27. R1g3 d5
28. cxd5 cxd5 29. exd5 Rxd5 30. Be3 Rd1+ 31. Kg2 R8d7 32. Qg4 Ng5 33. b4 Qd8
34. Bxg5 fxg5 35. Qh5 R7d2+ 36. Kh3 Rxh2+ 37. Kxh2 Qd2+ 38. Rg2 Qf4+ 39. Rg3
Qd2+ 40. Rg2 Qf4+ 41. Rg3 1/2-1/2

[Event "15. Obert Int. Sant Marti 2013"]
[Site "Barcelona ESP"]
[Date "2013.07.13"]
[Round "1.30"]
[White "Frank-Nielsen, Marie"]
[Black "Sanchez Ibern, Marc"]
[Result "0-1"]
[WhiteElo "2016"]
[BlackElo "2408"]
[PlyCount "152"]
[EventDate "2013.07.13"]
[EventType "swiss"]
[EventRounds "9"]
[EventCountry "ESP"]
[SourceTitle "Ajedrez en Madrid"]
[Source "lmi"]
[SourceDate "2013.07.13"]
[SourceVersion "1"]
[SourceVersionDate "2019.06.21"]
[SourceQuality "1"]

1. e4 g6 2. d4 Bg7 3. Nc3 c6 4. h3 d5 5. e5 h5 6. Nf3 Nh6 7. Bf4 b5 8. Bd3 Na6
9. O-O Nc7 10. Re1 Ne6 11. Be3 a5 12. Ne2 Nf8 13. Nf4 Bf5 14. Nxh5 gxh5 15.
Bxh6 Bxh6 16. Bxf5 e6 17. Bd3 Rg8 18. a4 b4 19. c4 dxc4 20. Be4 Qb6 21. Qc2 Qa6
22. Nd2 Bxd2 23. Qxd2 O-O-O 24. Qe3 Nd7 25. Rac1 Kc7 26. Qe2 Nb6 27. Qxh5 Rgf8
28. Qf3 Nxa4 29. b3 Nc3 30. Rxc3 bxc3 31. Qxc3 Qb6 32. bxc4 Rxd4 33. Rb1 Qc5
34. Qb2 Qa7 35. Qe2 Rb8 36. Ra1 Rbd8 37. Qf3 Rxc4 38. Qxf7+ Rd7 39. Qf3 Qc5 40.
Bg6 Qxe5 41. Rb1 Qc5 42. Qg3+ e5 43. Kh2 Qd4 44. Qa3 Ra4 45. Qf8 Qf4+ 46. Qxf4
Rxf4 47. f3 Rb4 48. Ra1 Kb6 49. Be4 Rd2 50. h4 Rbb2 51. f4 exf4 52. h5 Rd6 53.
Kh3 Rb4 54. Bf3 a4 55. Kg4 Kc5 56. Kg5 Kc4 57. h6 Rb5+ 58. Kxf4 Rxh6 59. Rxa4+
Kc5 60. Ra1 Kd6 61. g4 Rf6+ 62. Kg3 Rb3 63. Rf1 Ke5 64. Kg2 c5 65. Re1+ Kd6 66.
Ra1 Ke7 67. Re1+ Kf8 68. Bd5 Rd3 69. Be4 Rd4 70. Bf5 c4 71. Rc1 Rc6 72. Rc3 Rb6
73. Ra3 Rb2+ 74. Kf3 Rb3+ 75. Rxb3 cxb3 76. Ke3 Rd1 0-1

[Event "15. Obert Int. Sant Marti 2013"]
[Site "Barcelona ESP"]
[Date "2013.07.13"]
[Round "1.31"]
[White "Pulvett, Daniel"]
[Black "Zemlicka, Vit"]
[Result "1-0"]
[WhiteElo "2405"]
[BlackElo "2016"]
[PlyCount "67"]
[EventDate "2013.07.13"]
[EventType "swiss"]
[EventRounds "9"]
[EventCountry "ESP"]
[SourceTitle "Ajedrez en Madrid"]
[Source "lmi"]
[SourceDate "2013.07.13"]
[SourceVersion "1"]
[SourceVersionDate "2019.06.21"]
[SourceQuality "1"]

1. d4 Nf6 2. c4 g6 3. Nc3 Bg7 4. Nf3 d6 5. g3 O-O 6. Bg2 a6 7. O-O Nc6 8. Qd3
e5 9. dxe5 Nxe5 10. Nxe5 dxe5 11. Qxd8 Rxd8 12. Bg5 Re8 13. h3 Rb8 14. Rfd1 Be6
15. b3 c6 16. Na4 Nd7 17. Rd2 f6 18. Be3 Bf8 19. Rad1 Re7 20. Rd6 Kf7 21. g4
Ke8 22. Nc3 Bg8 23. Ne4 Bg7 24. h4 Be6 25. Bf3 f5 26. gxf5 Bxf5 27. Bg5 Rf7 28.
Ng3 h6 29. Nxf5 hxg5 30. Rxg6 Bf8 31. Nd6+ Bxd6 32. Rgxd6 Rg7 33. Bh5+ Kd8 34.
Bg4 1-0

[Event "15. Obert Int. Sant Marti 2013"]
[Site "Barcelona ESP"]
[Date "2013.07.13"]
[Round "1.32"]
[White "Ramirez Medina, Victor"]
[Black "Laxman, R.R.."]
[Result "1/2-1/2"]
[WhiteElo "2012"]
[BlackElo "2401"]
[PlyCount "112"]
[EventDate "2013.07.13"]
[EventType "swiss"]
[EventRounds "9"]
[EventCountry "ESP"]
[SourceTitle "Ajedrez en Madrid"]
[Source "lmi"]
[SourceDate "2013.07.13"]
[SourceVersion "1"]
[SourceVersionDate "2019.06.21"]
[SourceQuality "1"]

1. e4 e5 2. Nf3 Nc6 3. Bb5 a6 4. Ba4 Nf6 5. O-O Be7 6. Re1 b5 7. Bb3 O-O 8. c3
d6 9. h3 Na5 10. Bc2 c5 11. d4 Qc7 12. Nbd2 cxd4 13. cxd4 Rd8 14. b3 Nc6 15.
Bb2 exd4 16. Nxd4 Nxd4 17. Bxd4 Bb7 18. Rc1 Qa5 19. Bb1 Rac8 20. Nf3 Nd7 21.
Qe2 Bf6 22. Qe3 Bxd4 23. Qxd4 Qb6 24. Red1 Qxd4 25. Nxd4 g6 26. Ne2 Rxc1 27.
Rxc1 Nf6 28. f3 b4 29. Rc7 Rd7 30. Rxd7 Nxd7 31. Kf2 a5 32. Bd3 Kf8 33. Ke3 Ke7
34. Nd4 d5 35. exd5 Bxd5 36. Be4 Bxe4 37. Kxe4 Kd6 38. Nc2 Kc5 39. g4 Nf6+ 40.
Ke5 Nd7+ 41. Ke4 f6 42. f4 Kd6 43. Ne3 Nc5+ 44. Kd4 Ne6+ 45. Ke4 Kc5 46. Nd5
f5+ 47. gxf5 gxf5+ 48. Ke5 Nd4 49. Ne3 Nc6+ 50. Kxf5 Kd4 51. Nc4 a4 52. Ne5
Ne7+ 53. Ke6 axb3 54. axb3 Nd5 55. f5 Nc7+ 56. Kd6 Ne8+ 1/2-1/2

[Event "15. Obert Int. Sant Marti 2013"]
[Site "Barcelona ESP"]
[Date "2013.07.13"]
[Round "1.33"]
[White "Perpinya Rofes, Lluis Maria"]
[Black "Ofstad, Sigurd"]
[Result "1-0"]
[WhiteElo "2400"]
[BlackElo "2007"]
[PlyCount "37"]
[EventDate "2013.07.13"]
[EventType "swiss"]
[EventRounds "9"]
[EventCountry "ESP"]
[SourceTitle "Ajedrez en Madrid"]
[Source "lmi"]
[SourceDate "2013.07.13"]
[SourceVersion "1"]
[SourceVersionDate "2019.06.21"]
[SourceQuality "1"]

1. e4 d5 2. exd5 Qxd5 3. Nc3 Qa5 4. d4 Nf6 5. Nf3 c6 6. Bc4 Bf5 7. Bd2 e6 8.
Nd5 Qd8 9. Nxf6+ gxf6 10. Qe2 Bxc2 11. O-O Bg6 12. Rfe1 Qd6 13. Rad1 Nd7 14. g3
Nb6 15. Bf4 Qe7 16. d5 cxd5 17. Bxd5 Rd8 18. Qb5+ Qd7 19. Bxe6 1-0

[Event "15. Obert Int. Sant Marti 2013"]
[Site "Barcelona ESP"]
[Date "2013.07.13"]
[Round "1.34"]
[White "Grebstad, Kjell Borre"]
[Black "Sequera Paolini, Jose"]
[Result "0-1"]
[WhiteElo "2005"]
[BlackElo "2394"]
[PlyCount "70"]
[EventDate "2013.07.13"]
[EventType "swiss"]
[EventRounds "9"]
[EventCountry "ESP"]
[SourceTitle "Ajedrez en Madrid"]
[Source "lmi"]
[SourceDate "2013.07.13"]
[SourceVersion "1"]
[SourceVersionDate "2019.06.21"]
[SourceQuality "1"]

1. d4 d5 2. c4 e6 3. Nc3 f5 4. Nf3 c6 5. cxd5 exd5 6. Bf4 Nf6 7. g3 Bd6 8. e3
O-O 9. Bg2 Ne4 10. O-O Qe7 11. Ne2 Nd7 12. a3 a5 13. Nc1 b6 14. Nd3 Ba6 15. Re1
Bxd3 16. Qxd3 g5 17. Bxd6 Qxd6 18. Nd2 a4 19. f3 Nxd2 20. Qxd2 b5 21. e4 f4 22.
e5 Qe6 23. g4 Nb6 24. Bf1 Nc4 25. Qc3 h5 26. h3 hxg4 27. hxg4 Kg7 28. Bxc4 bxc4
29. Kg2 Rab8 30. Re2 Rh8 31. Rh1 Rxh1 32. Kxh1 Qh6+ 33. Kg1 Rh8 34. Rg2 Qh1+
35. Kf2 Qd1 0-1

[Event "15. Obert Int. Sant Marti 2013"]
[Site "Barcelona ESP"]
[Date "2013.07.13"]
[Round "1.35"]
[White "Gullaksen, Eirik"]
[Black "Zapata Arbelaez, Estiven"]
[Result "1-0"]
[WhiteElo "2380"]
[BlackElo "2001"]
[PlyCount "131"]
[EventDate "2013.07.13"]
[EventType "swiss"]
[EventRounds "9"]
[EventCountry "ESP"]
[SourceTitle "Ajedrez en Madrid"]
[Source "lmi"]
[SourceDate "2013.07.13"]
[SourceVersion "1"]
[SourceVersionDate "2019.06.21"]
[SourceQuality "1"]

1. e4 e5 2. Nf3 Nc6 3. Bb5 a6 4. Ba4 Nf6 5. O-O Be7 6. Re1 b5 7. Bb3 d6 8. c3
Na5 9. Bc2 c5 10. d4 cxd4 11. cxd4 Qc7 12. Bd3 Bg4 13. d5 O-O 14. Nbd2 Nb7 15.
h3 Nc5 16. Bc2 Bd7 17. Nf1 Rfc8 18. Bd2 a5 19. Rc1 b4 20. Ng3 Qb7 21. Bb1 b3
22. axb3 Nxb3 23. Rxc8+ Rxc8 24. Bc3 Bd8 25. Bc2 Nc5 26. Qd2 Ra8 27. Ra1 a4 28.
Ra3 Ne8 29. Ne1 Bb6 30. Nd3 Nc7 31. Bb4 N7a6 32. Bc3 Nc7 33. Ra1 Nb5 34. Nxc5
Bxc5 35. Rxa4 Rb8 36. Ra1 Nd4 37. Ne2 Nb3 38. Bxb3 Qxb3 39. Nc1 Qc4 40. Qd3 Bb5
41. Qxc4 Bxc4 42. Ra4 Bb5 43. Ra5 Bd7 44. Nd3 Bb6 45. Ra1 f5 46. exf5 Bxf5 47.
Nb4 Bd7 48. Nc2 Bf5 49. Ne3 Be4 50. Ra4 Bxe3 51. Rxe4 Bd4 52. Bxd4 exd4 53.
Rxd4 Rxb2 54. g4 g5 55. Kg2 Kg7 56. Kg3 h6 57. f3 Rb5 58. h4 Kf6 59. h5 Rc5 60.
Ra4 Rc7 61. Re4 Re7 62. Rxe7 Kxe7 63. f4 gxf4+ 64. Kxf4 Kf6 65. g5+ hxg5+ 66.
Kg4 1-0

[Event "15. Obert Int. Sant Marti 2013"]
[Site "Barcelona ESP"]
[Date "2013.07.13"]
[Round "1.36"]
[White "Kjolberg, Jens Hjorth"]
[Black "Eggleston, David J"]
[Result "0-1"]
[WhiteElo "1999"]
[BlackElo "2363"]
[PlyCount "72"]
[EventDate "2013.07.13"]
[EventType "swiss"]
[EventRounds "9"]
[EventCountry "ESP"]
[SourceTitle "Ajedrez en Madrid"]
[Source "lmi"]
[SourceDate "2013.07.13"]
[SourceVersion "1"]
[SourceVersionDate "2019.06.21"]
[SourceQuality "1"]

1. e4 c5 2. Nf3 d6 3. d4 cxd4 4. Nxd4 Nf6 5. Nc3 a6 6. Bg5 Nbd7 7. Qe2 e6 8.
O-O-O Be7 9. f4 Qc7 10. g3 Nb6 11. Bg2 O-O 12. h4 Nc4 13. g4 Qc5 14. Rhe1 h6
15. Bxf6 Bxf6 16. Nb3 Qc7 17. e5 dxe5 18. g5 Be7 19. gxh6 g6 20. h5 exf4 21.
hxg6 fxg6 22. Nd5 exd5 23. Bxd5+ Kh8 24. Bxc4 Bg5 25. Qe5+ Qxe5 26. Rxe5 Bf6
27. Re4 Bf5 28. Ree1 Rad8 29. Rxd8 Rxd8 30. Kb1 g5 31. Rf1 Kh7 32. Nc1 Kxh6 33.
Bd3 Kg6 34. a3 Bd4 35. Bxf5+ Kxf5 36. Nd3 Be3 0-1

[Event "15. Obert Int. Sant Marti 2013"]
[Site "Barcelona ESP"]
[Date "2013.07.13"]
[Round "1.37"]
[White "Getz, Nicolai"]
[Black "Hernandez, Zaida"]
[Result "1-0"]
[WhiteElo "2353"]
[BlackElo "1998"]
[PlyCount "63"]
[EventDate "2013.07.13"]
[EventType "swiss"]
[EventRounds "9"]
[EventCountry "ESP"]
[SourceTitle "Ajedrez en Madrid"]
[Source "lmi"]
[SourceDate "2013.07.13"]
[SourceVersion "1"]
[SourceVersionDate "2019.06.21"]
[SourceQuality "1"]

1. d4 d5 2. c4 c6 3. Nc3 Nf6 4. Nf3 g6 5. cxd5 cxd5 6. Ne5 Bg7 7. g3 O-O 8. Bg2
Nbd7 9. O-O Nb6 10. a4 Be6 11. a5 Nbd7 12. f4 Rc8 13. Be3 Nb8 14. Qb3 b6 15. a6
Nc6 16. Nb5 Na5 17. Qb4 Ng4 18. Bd2 Nxe5 19. dxe5 Qd7 20. b3 Rc2 21. Rfd1 Rfc8
22. Qa4 d4 23. Bxa5 bxa5 24. Nxd4 Qxa4 25. Rxa4 Rc1 26. Rxc1 Rxc1+ 27. Kf2 Bc8
28. Rxa5 f6 29. Nc6 fxe5 30. fxe5 Be6 31. Nxa7 Bh6 32. Nb5 1-0

[Event "15. Obert Int. Sant Marti 2013"]
[Site "Barcelona ESP"]
[Date "2013.07.13"]
[Round "1.38"]
[White "Castillo Escario, Yolanda"]
[Black "Arvola, Benjamin"]
[Result "0-1"]
[WhiteElo "1997"]
[BlackElo "2347"]
[PlyCount "116"]
[EventDate "2013.07.13"]
[EventType "swiss"]
[EventRounds "9"]
[EventCountry "ESP"]
[SourceTitle "Ajedrez en Madrid"]
[Source "lmi"]
[SourceDate "2013.07.13"]
[SourceVersion "1"]
[SourceVersionDate "2019.06.21"]
[SourceQuality "1"]

1. e4 c5 2. Nf3 Nc6 3. d4 cxd4 4. Nxd4 Nf6 5. Nc3 e5 6. Ndb5 d6 7. Bg5 a6 8.
Na3 b5 9. Nd5 Be7 10. Bxf6 Bxf6 11. c4 b4 12. Nc2 a5 13. g3 O-O 14. Bg2 Be6 15.
O-O Bxd5 16. Qxd5 Qb6 17. Qd3 Bg5 18. Kh1 a4 19. f4 exf4 20. gxf4 Bf6 21. Rab1
b3 22. axb3 Qxb3 23. Qxb3 axb3 24. Na1 Na5 25. e5 dxe5 26. Bxa8 Rxa8 27. fxe5
Bxe5 28. Rf3 Rb8 29. Rd1 f6 30. Rd5 Nxc4 31. Nxb3 Kf7 32. Rd7+ Kg6 33. Rh3 h5
34. Rf3 Rb4 35. Kg2 Kh6 36. Nc5 Rxb2+ 37. Rf2 Rb5 38. Ne6 Ne3+ 39. Kf3 Nf5 40.
Ke4 Nd6+ 41. Kf3 Rb3+ 42. Kg2 Nc4 43. Re2 Ne3+ 44. Kg1 g6 45. Nf8 Rb1+ 46. Kf2
Ng4+ 47. Kg2 Bxh2 48. Rh7+ Kg5 49. Ne6+ Kh4 50. Nd4 Rg1+ 51. Kf3 f5 52. Rg2
Ne5+ 53. Kf2 Nd3+ 54. Ke3 Rxg2 55. Kxd3 Kg4 56. Rg7 g5 57. Ne6 Bf4 58. Nd4 h4
0-1

[Event "15. Obert Int. Sant Marti 2013"]
[Site "Barcelona ESP"]
[Date "2013.07.13"]
[Round "1.39"]
[White "Galopoulos, Nikolaos"]
[Black "Blandon, Luis Guillermo"]
[Result "0-1"]
[WhiteElo "2343"]
[BlackElo "1993"]
[PlyCount "124"]
[EventDate "2013.07.13"]
[EventType "swiss"]
[EventRounds "9"]
[EventCountry "ESP"]
[SourceTitle "Ajedrez en Madrid"]
[Source "lmi"]
[SourceDate "2013.07.13"]
[SourceVersion "1"]
[SourceVersionDate "2019.06.21"]
[SourceQuality "1"]

1. d4 Nf6 2. c4 g6 3. Nc3 Bg7 4. e4 d6 5. f3 c5 6. d5 O-O 7. Be3 Nbd7 8. Nh3
Ne5 9. Nf2 e6 10. Be2 exd5 11. cxd5 a6 12. a4 b6 13. O-O Ne8 14. f4 Nd7 15. Qc2
Nc7 16. Rad1 Re8 17. Bf3 Rb8 18. Rfe1 b5 19. e5 dxe5 20. f5 bxa4 21. fxg6 hxg6
22. d6 Ne6 23. Bd5 Nf6 24. Qxa4 Rb4 25. Qa2 Qxd6 26. Nd3 Rd4 27. Bxd4 cxd4 28.
Ne4 Nxe4 29. Bxe4 f5 30. Bd5 Kh7 31. Nf2 Nc7 32. Bf7 Re7 33. Bg8+ Kh8 34. Rd3
Ne6 35. Bxe6 Bxe6 36. Qa4 e4 37. Qa3 Rd7 38. Rh3+ Kg8 39. Qa1 d3 40. Nd1 f4 41.
Rxe4 Qc5+ 42. Kf1 Bxh3 43. gxh3 Qh5 44. Qa4 Qxh3+ 45. Kg1 Qg4+ 46. Kf2 Rc7 47.
Qb3+ Kh7 48. Qxd3 Rd7 49. Qe2 Qh3 50. Ke1 Bf6 51. Rxf4 Bh4+ 52. Nf2 Qxh2 53.
Qf3 Re7+ 54. Kd1 Qg1+ 55. Kc2 Rc7+ 56. Kb3 Qg3 57. Ne4 Qxf3+ 58. Rxf3 Kg7 59.
Rd3 Be7 60. Rd5 Rb7+ 61. Kc3 Kf7 62. Rd6 Rc7+ 0-1

[Event "15. Obert Int. Sant Marti 2013"]
[Site "Barcelona ESP"]
[Date "2013.07.13"]
[Round "1.40"]
[White "Ridameya Tatche, Jose Miguel"]
[Black "Hernando Rodrigo, Julio Antonio"]
[Result "0-1"]
[WhiteElo "1991"]
[BlackElo "2327"]
[PlyCount "74"]
[EventDate "2013.07.13"]
[EventType "swiss"]
[EventRounds "9"]
[EventCountry "ESP"]
[SourceTitle "Ajedrez en Madrid"]
[Source "lmi"]
[SourceDate "2013.07.13"]
[SourceVersion "1"]
[SourceVersionDate "2019.06.21"]
[SourceQuality "1"]

1. e4 e6 2. d4 d5 3. Bd3 c5 4. c3 Nc6 5. Nf3 dxe4 6. Bxe4 Nf6 7. Bxc6+ bxc6 8.
Qa4 Qb6 9. O-O Qb5 10. Qxb5 cxb5 11. Bg5 Ne4 12. Be3 Bb7 13. Nbd2 Nxd2 14. Nxd2
cxd4 15. Bxd4 Be7 16. a4 b4 17. Rfd1 O-O 18. Rac1 Rfd8 19. Nf1 Bc6 20. b3 bxc3
21. Bxc3 Bd5 22. Rb1 Rdc8 23. Ba5 Be4 24. Rbc1 Bc2 25. Rd7 Ba3 26. Ra1 Bb2 27.
Ra2 Bc1 28. Rb7 Be4 29. Rb4 Bd5 30. Ne3 Bxe3 31. fxe3 f5 32. Rb5 Rc1+ 33. Kf2
Rac8 34. Bd2 Rb1 35. Ra5 Bxb3 36. Ra3 Rc2 37. Rxb3 Rxd2+ 0-1

[Event "15. Obert Int. Sant Marti 2013"]
[Site "Barcelona ESP"]
[Date "2013.07.13"]
[Round "1.41"]
[White "Alvarado Diaz, Alejandro"]
[Black "Maltsev, Leonid"]
[Result "1-0"]
[WhiteElo "2313"]
[BlackElo "1985"]
[PlyCount "85"]
[EventDate "2013.07.13"]
[EventType "swiss"]
[EventRounds "9"]
[EventCountry "ESP"]
[SourceTitle "Ajedrez en Madrid"]
[Source "lmi"]
[SourceDate "2013.07.13"]
[SourceVersion "1"]
[SourceVersionDate "2019.06.21"]
[SourceQuality "1"]

1. b3 e5 2. Bb2 Nc6 3. c4 f5 4. g3 Nf6 5. Bg2 d6 6. a3 a5 7. e3 g6 8. Ne2 Bg7
9. O-O O-O 10. Nbc3 Qe7 11. Rc1 Kh8 12. d4 e4 13. Nf4 Qf7 14. f3 exf3 15. Qxf3
Ne7 16. Nb5 Neg8 17. Nd5 Ne8 18. Nbc3 Ngf6 19. Nf4 c6 20. Qe2 Nc7 21. b4 axb4
22. axb4 Ne6 23. d5 Nxf4 24. exf4 Bd7 25. Qd2 Rfe8 26. Rfe1 Rxe1+ 27. Rxe1 Re8
28. h3 Rxe1+ 29. Qxe1 Qe8 30. Qd2 cxd5 31. cxd5 Ne4 32. Nxe4 fxe4 33. Bxg7+
Kxg7 34. Qd4+ Kg8 35. Kf2 e3+ 36. Qxe3 Qxe3+ 37. Kxe3 h5 38. Kf3 Kf7 39. g4
hxg4+ 40. hxg4 Kf6 41. g5+ Kf7 42. Kg3 Bf5 43. Bh3 1-0

[Event "15. Obert Int. Sant Marti 2013"]
[Site "Barcelona ESP"]
[Date "2013.07.13"]
[Round "1.42"]
[White "Vatkali, Dimitra"]
[Black "Minko, Vladimir"]
[Result "0-1"]
[WhiteElo "1964"]
[BlackElo "2312"]
[PlyCount "132"]
[EventDate "2013.07.13"]
[EventType "swiss"]
[EventRounds "9"]
[EventCountry "ESP"]
[SourceTitle "Ajedrez en Madrid"]
[Source "lmi"]
[SourceDate "2013.07.13"]
[SourceVersion "1"]
[SourceVersionDate "2019.06.21"]
[SourceQuality "1"]

1. e4 c5 2. Nf3 e6 3. c4 Nc6 4. Be2 Nf6 5. Nc3 d6 6. d4 cxd4 7. Nxd4 e5 8. Nc2
Be7 9. O-O O-O 10. Be3 Be6 11. f3 Nd7 12. Qd2 Rc8 13. Rfd1 a6 14. Rac1 h6 15.
Nd5 Bxd5 16. Qxd5 Nf6 17. Qd2 Qc7 18. Kh1 Rfd8 19. Bf1 Nh7 20. Qf2 Qd7 21. Bb6
Re8 22. Ne3 Bg5 23. Rc3 Bd8 24. Bxd8 Rcxd8 25. Nf5 Qe6 26. Rcd3 Nd4 27. Nxd4
exd4 28. Rxd4 Nf6 29. Qd2 Qe5 30. b3 Re6 31. g3 Qh5 32. Bg2 b5 33. g4 Qh4 34.
Qa5 Rde8 35. Rxd6 Re5 36. Qe1 Qg5 37. cxb5 axb5 38. Qd2 Qh4 39. Rd8 Rxd8 40.
Qxd8+ Re8 41. Qd2 Nh7 42. Qd7 Rb8 43. Qc7 Re8 44. Kg1 Nf8 45. Qg3 Qe7 46. f4
Ng6 47. Qf2 Qf6 48. f5 Ne5 49. h3 b4 50. Qd2 Qe7 51. Kh1 Qc5 52. Qd6 Qc2 53.
Rd2 Qc1+ 54. Kh2 Qc3 55. Qd4 Qc7 56. Kg1 Qc1+ 57. Rd1 Qc2 58. Qd2 Qc5+ 59. Qf2
Qc3 60. Rd2 Rc8 61. f6 gxf6 62. Rd6 Rc6 63. Rxf6 Nxg4 64. Rxc6 Nxf2 65. Rxc3
bxc3 66. Kxf2 c2 0-1

[Event "15. Obert Int. Sant Marti 2013"]
[Site "Barcelona ESP"]
[Date "2013.07.13"]
[Round "1.43"]
[White "Lovik, Lasse Ostebo"]
[Black "Barba Rios, Enric"]
[Result "1-0"]
[WhiteElo "2311"]
[BlackElo "1956"]
[PlyCount "95"]
[EventDate "2013.07.13"]
[EventType "swiss"]
[EventRounds "9"]
[EventCountry "ESP"]
[SourceTitle "Ajedrez en Madrid"]
[Source "lmi"]
[SourceDate "2013.07.13"]
[SourceVersion "1"]
[SourceVersionDate "2019.06.21"]
[SourceQuality "1"]

1. Nf3 Nf6 2. c4 c6 3. d4 d5 4. e3 e6 5. b3 Nbd7 6. Bb2 Ne4 7. Bd3 f5 8. O-O
Be7 9. Nfd2 O-O 10. f3 Nxd2 11. Nxd2 Nf6 12. Qc2 Bd7 13. Rae1 b5 14. c5 g6 15.
Rf2 Nh5 16. g3 Qc7 17. Rg2 Rf7 18. Nf1 Re8 19. g4 Ng7 20. e4 f4 21. Bc3 Ref8
22. b4 Bh4 23. Ra1 a6 24. a4 Rb8 25. Qb3 Ne8 26. Nd2 Kg7 27. Kh1 Nf6 28. g5 Nh5
29. axb5 axb5 30. Qc2 Qd8 31. Rag1 Qe7 32. e5 Rbf8 33. Nf1 Rf5 34. Bxf5 Rxf5
35. Rg4 Bxg5 36. Qg2 h6 37. h4 Bxh4 38. Rxg6+ Kf8 39. Rxh6 Ng3+ 40. Nxg3 Bxg3
41. Qh3 Ke8 42. Rh8+ Rf8 43. Ra1 Kd8 44. Ra8+ Bc8 45. Qh6 Re8 46. Rh7 Qf8 47.
Qg5+ Re7 48. Rxe7 1-0

[Event "15. Obert Int. Sant Marti 2013"]
[Site "Barcelona ESP"]
[Date "2013.07.13"]
[Round "1.44"]
[White "Cervello I Tost, Roger"]
[Black "Vehi Bach, Victor Manuel"]
[Result "0-1"]
[WhiteElo "1954"]
[BlackElo "2308"]
[PlyCount "64"]
[EventDate "2013.07.13"]
[EventType "swiss"]
[EventRounds "9"]
[EventCountry "ESP"]
[SourceTitle "Ajedrez en Madrid"]
[Source "lmi"]
[SourceDate "2013.07.13"]
[SourceVersion "1"]
[SourceVersionDate "2019.06.21"]
[SourceQuality "1"]

1. e4 c5 2. d4 cxd4 3. c3 dxc3 4. Nxc3 e6 5. Nf3 Nc6 6. Bc4 a6 7. O-O Nge7 8.
Bf4 Ng6 9. Bg3 Be7 10. Qe2 b5 11. Bd5 exd5 12. exd5 O-O 13. dxc6 dxc6 14. Rac1
Qb6 15. Ne5 Be6 16. Qf3 Rac8 17. Rfe1 Rfd8 18. Nxg6 hxg6 19. Rxe6 fxe6 20. Qg4
Kf7 21. Re1 c5 22. Ne2 g5 23. Be5 Rh8 24. g3 Qc6 25. Nf4 Rh6 26. Bxg7 Kxg7 27.
Nxe6+ Kh8 28. f4 c4 29. Re5 Bf6 30. Rc5 Bd4+ 31. Nxd4 Qxc5 32. fxg5 Rd8 0-1

[Event "15. Obert Int. Sant Marti 2013"]
[Site "Barcelona ESP"]
[Date "2013.07.13"]
[Round "1.46"]
[White "Pettersen, Joar Gullestad"]
[Black "Ramirez Garcia, Jorge Alberto"]
[Result "0-1"]
[WhiteElo "1944"]
[BlackElo "2303"]
[PlyCount "90"]
[EventDate "2013.07.13"]
[EventType "swiss"]
[EventRounds "9"]
[EventCountry "ESP"]
[SourceTitle "Ajedrez en Madrid"]
[Source "lmi"]
[SourceDate "2013.07.13"]
[SourceVersion "1"]
[SourceVersionDate "2019.06.21"]
[SourceQuality "1"]

1. d4 e6 2. c4 Nf6 3. g3 d5 4. Nf3 dxc4 5. Bg2 c5 6. Qa4+ Nbd7 7. dxc5 Bxc5 8.
O-O a6 9. Qxc4 b5 10. Qb3 Bb7 11. Nc3 Qb6 12. h3 O-O 13. Nh4 h6 14. Na4 Qc7 15.
Nxc5 Nxc5 16. Qc2 Rac8 17. Be3 Bxg2 18. Nxg2 Na4 19. Qxc7 Rxc7 20. Bd4 Rc2 21.
b3 Nc3 22. Bxc3 Rxc3 23. Rac1 Rfc8 24. Rxc3 Rxc3 25. Ne3 Kf8 26. Rd1 Ke7 27.
Rd2 Ne4 28. Rd3 Rxd3 29. exd3 Nc3 30. a3 Ne2+ 31. Kf1 Nc1 32. b4 Nxd3 33. Ke2
Nb2 34. Kd2 Kd6 35. Kc3 Na4+ 36. Kd4 e5+ 37. Ke4 Ke6 38. g4 Nc3+ 39. Kd3 Nd5
40. Nf5 g6 41. Ng7+ Kf6 42. Ne8+ Ke7 43. Ke4 Nc3+ 44. Kd3 Kxe8 45. Kxc3 Ke7 0-1